00748nam a2200193 a 450000100100000000500170001000800410002702000150006804000250008310000390010824500980014726000810024530000310032649000160035750000370037383000220041095201050043299900170053700004201720201002035904.0131030s1987 sp c 000 0 spa d a8400064674 aDO-SdBNPbspacBNPHU1 aLewy Rodríguez, Enriqueta96896810aSantiago Ramón y Cajal :bEl hombre, el sabio y el pensador. /cEnriqueta Lewy Rodríguez. aMadrid, :bExtensión Científica y Acción Cultural del C.S.I.C.,c1987. a241 p. :bretrs. ;c21 cm.1 aTestimonios aIncluye notas a pie de páginas 0aTestimonios91293 001050718MOaGRbGRcCTd2013-10-30iLF1l0o p42017-10r2020-06-25w2020-06-25y1ZNo se presta c41506d41506